00605nam a2200169 a 450000100060000000300090000600800410001504000280005608200220008411000360010624500410014226000560018330000180023950501230025765000340038065000210041414670CO-ViMGA141112s2004 ck r 000 u spa d aCO-ViMGAbspacCO-ViMGA04a338.4764794 C656i aCorporacion nacional de turismo10aIndustria de alojamiento en Colombia aBogotá, cCorporacion Nacional de Turismo, c1989 a130 p. tablas aOferta hotelera Generacion de empleo sector hotelero Analisis de la demanda hotelera Ingresos y gastos en la hoteleria14aINDUSTRIA HOTELERA - COLOMBIA14aSECTOR TURISTICO